Ordinary differential equations with applications /

Guardado en:
Autor Principal: Chicone, Carmen Charles.
Formato: Libro
Idioma:English
Publicado: New York ; Berlin : Springer, c2006.
Edición:2nd ed.
Series:Texts in applied mathematics ; 34
Materias:
Acceso en línea:Table of contents only
Publisher description
Página web sobre el libro (incluye errata)
Etiquetas: Agregar Etiqueta
Sin Etiquetas, Sea el primero en etiquetar este registro!
LEADER 01153cam a22002895a 4500
001 MAT.inmabb006523
008 051110s2006####nyua#####b####001#0#eng#c
005 20111005121024.0
245 1 0 |a Ordinary differential equations with applications /  |c Carmen Chicone. 
250 |a 2nd ed. 
260 |a New York ;  |a Berlin :  |b Springer,  |c c2006. 
300 |a xix, 623 p. :  |b il. ;  |c 25 cm. 
440 0 |a Texts in applied mathematics ;  |v 34 
500 |a Textbook for graduates. 
504 |a Incluye referencias bibliográficas (p. [603]-618) e índice. 
510 4 |a MR,  |c 2006m:34001 
020 |a 9780387307695 
020 |a 0387307699 
100 1 |a Chicone, Carmen Charles. 
650 0 |a Differential equations. 
084 |a 34-01 (37-01)  |2 msc2000 
010 |a  2005937072 
040 |a OHX  |c OHX  |d BAKER  |d WAU  |d DLC 
856 4 1 |3 Table of contents only  |u http://www.loc.gov/catdir/toc/fy0704/2005937072.html 
856 4 2 |3 Publisher description  |u http://www.loc.gov/catdir/enhancements/fy0663/2005937072-d.html 
856 |u http://www.math.missouri.edu/%7Ecarmen/book.html  |y Página web sobre el libro (incluye errata) 
859 |h 34  |i C533  |p A-8736  |b BIB. MATEMATICA